000 00682nam a2200205Ia 4500
003 GCL
008 140319s9999 xx 000 0 ara d
040 _aGCL /
_cGCL
082 0 4 _a347.07
_bع ن
100 1 _aعبدالناصر توفيق العطار
245 1 0 _aنظرية الاجل فى الالتزام فى الشريعة الاسلامية والقوانين العربية /
_cعبدالناصر توفيق العطار
260 _a[S.N] :
_bمطبعة السعادة ،
_c1987
300 _a416 ص
490 _a
650 0 4 _aالقانون
650 0 4 _aمصر
650 0 4 _aالقانون المدنى
650 0 4 _aالالتزامات
942 _2ddc
_cBK
999 _c55441
_d55441